Statistics for WW2 Quiz

Click here to take the quiz!

General Stats

  • This quiz has been taken 1,858 times
    (1,081 since last reset)
  • The average score is 9 of 15

Answer Stats

Hint Answer % Correct
German LeaderAdolf Hitler
97%
Soviet LeaderJoseph Stalin
96%
British Prime MinisterWinston Churchill
94%
American PresidentFranklin D. Roosevelt
87%
Italian DictatorBenito Mussolini
87%
The Places Where Two Atom Bombs Were Dropped (Name One)Hiroshima and Nagasaki
79%
Japanese EmporerHirohito
68%
U.S. PresidentHarry Truman
59%
Turning Point of the WarThe Battle of Stalingrad
47%
German attack from air and landBlitzkrieg
44%
Secret U.S. Bomb ProjectManhattan Project
43%
"A day that will live in Infamy"Bombing on Pearl Harbor
39%
Germanys Last StandBattle of the Bulge
27%
Pact that Germany made with SovietsMolotov–Ribbentrop Pact
27%
Zeppelins crowded the skies of BritainBattle of Britain
24%

Score Distribution

Percentile by Number Answered

Percent of People with Each Score

Your Score History

You have not taken this quiz since the last reset